Countries With Populations Under One Million - Statistics

General Stats
  • This quiz has been taken 566 times
  • The average score is 33 of 40
Answer Stats
Hint Answer % Correct
839 vatican city
96%
76,949 andorra
92%
55,000 saint kitts and nevis
91%
32,789 san marino
91%
36,950 monaco
90%
10,084 nauru
90%
20,901 palau
90%
185,000 saint lucia
89%
11,323 tuvalu
89%
37,370 liechtenstein
88%
56,086 marshall islands
88%
285,000 barbados
87%
549,700 luxembourg
87%
109,000 saint vincent and the grenadines
87%
264,652 vanuatu
87%
859,178 fiji
86%
425,384 malta
86%
89,949 seychelles
85%
581,344 solomon islands
85%
103,252 tonga
85%
86,295 antigua and barbuda
84%
187,820 samoa
84%
106,461 kiribati
83%
368,390 bahamas
82%
101,351 federated states of micronesia
82%
341,256 maldives
82%
103,328 grenada
81%
71,293 dominica
80%
763,952 comoros
79%
187,356 sao tome and principe
79%
329,100 iceland
78%
518,467 cape verde
77%
393,372 brunei
76%
858,000 cyprus
72%
358,899 belize
71%
746,900 guyana
65%
534,189 suriname
65%
759,100 bhutan
62%
900,000 djibouti
58%
620,029 montenegro
54%
No matching quizzes found
Score Distribution
Percent of People with Each Score
Percentile by Number Answered
Your Score History
You have not taken this quiz